[Event "DRUZYNOWE MISTRZOSTWA POLSKI 2014 - SYGNITY EKSTRALIGA"]
[Site "Gorzow Wlkp, Wroclaw, Katowice"]
[Date "2014-00-00"]
[Round "4.9"]
[White "Brodowski, Piotr"]
[Black "Shkapenko, Pavel"]
[Result "1/2-1/2"]
[WhiteTitle "m"]
[BlackTitle "IM"]
[WhiteElo "2428"]
[BlackElo "2420"]

1. g3 Nf6 2. Bg2 d5 3. c4 dxc4 4. Na3 Nc6 5. Nxc4 Be6 6. b3 Bd5 7. Nf3 Nd4 8. e3
Bxf3 9. Bxf3 Nxf3+ 10. Qxf3 Qd5 11. Qxd5 Nxd5 12. Ke2 e6 13. Bb2 f6 14. e4 Nb6
15. Ne3 a5 16. Rac1 c6 17. a4 Bb4 18. Nc2 Be7 19. Bc3 Kf7 20. Ne3 Nd7 21. d4 Rhc8
22. f4 b5 23. Bd2 Nb6 24. Rc2 bxa4 25. bxa4 c5 26. d5 exd5 27. Rb1 d4 28. Rxb6
dxe3 29. Bxe3 Rab8 30. Rxb8 Rxb8 31. Bd2 Ke6 32. Bc3 Kd7 33. Kd3 Kc6 34. Kc4 Re8
35. Rd2 Bf8 36. e5 fxe5 37. Bxe5 g5 38. h4 gxf4 39. gxf4 Be7 40. Rg2 Bd6 41. Rg5
Rb8 42. Bc3 Re8 43. Be5 Rb8 44. Bc3 1/2-1/2

[Event "DRUZYNOWE MISTRZOSTWA POLSKI 2014 - SYGNITY EKSTRALIGA"]
[Site "Gorzow Wlkp, Wroclaw, Katowice"]
[Date "2014-00-00"]
[Round "4.10"]
[White "Bartel, Michal"]
[Black "Czakon, Jakub"]
[Result "1/2-1/2"]
[WhiteTitle "FM"]
[BlackTitle "IM"]
[WhiteElo "2325"]
[BlackElo "2472"]

1. e4 e5 2. Nf3 Nc6 3. Bb5 a6 4. Ba4 Nge7 5. c3 g6 6. d4 exd4 7. cxd4 b5 8. Bb3
Bg7 9. d5 Na5 10. Bd2 Nxb3 11. Qxb3 d6 12. Bc3 O-O 13. Bxg7 Kxg7 14. O-O Bd7 15.
Nc3 Qb8 16. Rac1 Qb6 17. Ne2 Rac8 18. Qc3+ f6 19. Nf4 c6 20. dxc6 Rxc6 21. Qd4
Qxd4 22. Nxd4 Rxc1 23. Rxc1 Rc8 24. Rxc8 Bxc8 25. f3 g5 26. Nd3 f5 27. exf5 Nxf5
28. Nxf5+ Bxf5 29. Nb4 Bc8 30. Kf2 Bb7 31. Ke3 Kf6 32. Kd4 Ke6 33. a3 h5 34. Nd3
Kf5 35. Nf2 Kf4 36. Nd3+ Kf5 37. Nf2 Kf4 38. Nd3+ Kf5 39. Nf2 Kf4 40. Nd3+ Kf5
1/2-1/2

[Event "DRUZYNOWE MISTRZOSTWA POLSKI 2014 - SYGNITY EKSTRALIGA"]
[Site "Gorzow Wlkp, Wroclaw, Katowice"]
[Date "2014-00-00"]
[Round "4.11"]
[White "Jedynak, Radoslaw"]
[Black "Barwinski, Dionizy"]
[Result "1-0"]
[WhiteTitle "GM"]
[BlackTitle "FM"]
[WhiteElo "2453"]
[BlackElo "2081"]

1. d4 Nf6 2. c4 e6 3. Nc3 Bb4 4. Qc2 O-O 5. a3 Bxc3+ 6. Qxc3 d6 7. Bg5 Nbd7 8.
e3 b6 9. Bd3 Bb7 10. f3 c5 11. Ne2 Re8 12. O-O h6 13. Bh4 Rc8 14. Rad1 cxd4 15.
Qxd4 Qc7 16. e4 Qc5 17. Qxc5 dxc5 18. Nc3 Bc6 19. f4 e5 20. f5 Nh7 21. Bf2 f6
22. h4 Nhf8 23. Be3 Nb8 24. b4 Nbd7 25. Kf2 Kf7 26. g4 Nh7 27. Nb5 Bxb5 28. cxb5
cxb4 29. axb4 Rc3 30. Ke2 Ke7 31. Ra1 Rc7 32. Ra2 Rb8 33. Rfa1 Rbb7 34. Bd2 Nhf8
35. Bc2 Nb8 36. Bb3 Rd7 37. Bd5 Rbc7 38. g5 hxg5 39. hxg5 Kd6 40. g6 Ke7 41. Ra3
Kd6 42. Rh1 Rd8 43. Rh8 Ne6 44. Rxd8+ Nxd8 45. Rh3 a6 46. bxa6 Nxa6 47. Ra3 Nb8
48. b5 Nd7 49. Ra8 Ke7 50. Bb4+ Nc5 51. Rb8 1-0

[Event "DRUZYNOWE MISTRZOSTWA POLSKI 2014 - SYGNITY EKSTRALIGA"]
[Site "Gorzow Wlkp, Wroclaw, Katowice"]
[Date "2014-00-00"]
[Round "4.12"]
[White "Gasik, Anna"]
[Black "Przezdziecka, Ewa"]
[Result "1/2-1/2"]
[WhiteTitle "WIM"]
[BlackTitle "WFM"]
[WhiteElo "2233"]
[BlackElo "2165"]

1. e4 c5 2. Nf3 d6 3. d4 cxd4 4. Nxd4 Nf6 5. Nc3 a6 6. Be2 e5 7. Nb3 Be7 8. Qd3
O-O 9. Bg5 Be6 10. Bxf6 Bxf6 11. Rd1 Be7 12. O-O Nd7 13. Nd5 Bxd5 14. Qxd5 Qc7
15. Qd3 Rfd8 16. c3 Nf6 17. Bf3 Nd7 18. Be2 Nf6 19. Bf3 Nd7 20. Be2 Nf6 1/2-1/2

[Event "DRUZYNOWE MISTRZOSTWA POLSKI 2014 - SYGNITY EKSTRALIGA"]
[Site "Gorzow Wlkp, Wroclaw, Katowice"]
[Date "2014-00-00"]
[Round "4.13"]
[White "Krasenkow, Michal"]
[Black "Kolosowski, Mateusz"]
[Result "1-0"]
[WhiteTitle "GM"]
[BlackTitle "IM"]
[WhiteElo "2631"]
[BlackElo "2471"]

1. Nf3 Nf6 2. c4 e6 3. Nc3 d5 4. d4 Bb4 5. Qa4+ Nc6 6. e3 O-O 7. Bd2 Bd7 8. Qc2
a5 9. Be2 a4 10. O-O dxc4 11. Bxc4 Re8 12. Rad1 a3 13. bxa3 Rxa3 14. Nb5 Ra5 15.
Qb1 Bxd2 16. Rxd2 Ne7 17. Ne5 Bxb5 18. Bxb5 c6 19. Bc4 Qc7 20. Rc1 Rea8 21. Rb2
R8a7 22. g3 Nd7 23. Nd3 g6 24. e4 b6 25. Nf4 e5 26. dxe5 Qxe5 27. Rd2 b5 28. Bb3
Nf6 29. Rd8+ Kg7 30. Nd3 Qxe4 31. Qb2 Ned5 32. Rxc6 Qxd3 33. Rxd5 1-0

[Event "DRUZYNOWE MISTRZOSTWA POLSKI 2014 - SYGNITY EKSTRALIGA"]
[Site "Gorzow Wlkp, Wroclaw, Katowice"]
[Date "2014-00-00"]
[Round "4.14"]
[White "Kolago, Marcin"]
[Black "Piorun, Kacper"]
[Result "0-1"]
[WhiteTitle "m"]
[BlackTitle "GM"]
[WhiteElo "2338"]
[BlackElo "2532"]

1. e4 c5 2. Nf3 Nc6 3. Bb5 e5 4. O-O Bd6 5. c3 Nge7 6. d4 cxd4 7. cxd4 exd4 8.
Nxd4 O-O 9. Nc3 Qc7 10. h3 b6 11. Be3 Bb7 12. Rc1 Rad8 13. Qh5 Qb8 14. Rfd1 Bh2+
15. Kh1 Bf4 16. Qf3 Bxe3 17. Qxe3 Nxd4 18. Rxd4 d5 19. Rcd1 dxe4 20. Nxe4 Rxd4
21. Qxd4 Nf5 22. Qa4 Qa8 23. Re1 Rd8 24. Bd7 b5 25. Qxb5 Nd4 26. Qa4 Bxe4 27.
Qxd4 Bxg2+ 28. Kh2 Bd5 29. Qe5 Bxa2 30. Qe7 g6 31. b4 Qb8+ 32. Kg1 Bd5 33. b5
Bc4 34. Ra1 Kg7 35. Bc6 Be6 36. Rxa7 Rd1+ 37. Kg2 Qe5 38. Qa3 Bd5+ 39. f3 Rd2+
0-1

[Event "DRUZYNOWE MISTRZOSTWA POLSKI 2014 - SYGNITY EKSTRALIGA"]
[Site "Gorzow Wlkp, Wroclaw, Katowice"]
[Date "2014-00-00"]
[Round "4.15"]
[White "Dragun, Kamil"]
[Black "Mulet, Piotr"]
[Result "1-0"]
[WhiteTitle "GM"]
[BlackTitle "FM"]
[WhiteElo "2546"]
[BlackElo "2227"]

1. d4 Nf6 2. c4 g6 3. Nc3 d5 4. cxd5 Nxd5 5. Bd2 Bg7 6. e4 Nb6 7. Be3 O-O 8. h3
Nc6 9. Nf3 f5 10. exf5 Bxf5 11. Qb3+ Kh8 12. d5 Ne5 13. Nxe5 Bxe5 14. g4 Bd7 15.
O-O-O a5 16. a3 Qe8 17. Kb1 Qf7 18. Bg2 Qg7 19. Rhe1 a4 20. Qb4 Bd6 21. Qe4 Kg8
22. Bd4 Qf7 23. Qe2 Ra5 24. Rd3 Qe8 25. Re3 Bb5 26. Qc2 Nc4 27. Re6 Bd7 28. R6e2
Bxa3 29. Ne4 Bxb2 30. Bxb2 Nxb2 31. Kxb2 a3+ 32. Ka1 Bb5 33. Re3 Ba4 34. Qc3 Qb5
35. Rb1 Qa6 36. Bf1 b5 37. Nc5 Qd6 38. Ne6 Rf6 39. Qxa5 Qxd5 40. Nxc7 Qd4+ 41.
Qc3 1-0

[Event "DRUZYNOWE MISTRZOSTWA POLSKI 2014 - SYGNITY EKSTRALIGA"]
[Site "Gorzow Wlkp, Wroclaw, Katowice"]
[Date "2014-00-00"]
[Round "4.16"]
[White "Wiewiora, Eneasz"]
[Black "Czerwonski, Aleksander"]
[Result "0-1"]
[WhiteTitle "k"]
[BlackTitle "IM"]
[WhiteElo "2218"]
[BlackElo "2379"]

1. d4 d6 2. e4 Nf6 3. Nc3 g6 4. f4 Bg7 5. Nf3 O-O 6. e5 Nfd7 7. h4 c5 8. h5 cxd4
9. Qxd4 dxe5 10. Qf2 e4 11. Nxe4 Nf6 12. Bd3 Bf5 13. Nxf6+ exf6 14. O-O Bxd3 15.
Rd1 Qa5 16. Rxd3 Qxh5 17. Be3 Nc6 18. Rad1 b6 19. c4 Rfd8 20. Rxd8+ Rxd8 21. Rxd8+
Nxd8 22. Qd2 Ne6 23. Nd4 Qg4 24. b4 Bf8 25. Nc6 g5 26. fxg5 Qxc4 27. Qc1 Qxc1+
28. Bxc1 fxg5 29. Bd2 a6 30. Nb8 Nc7 31. Bxg5 Bxb4 32. Bf4 Bc5+ 33. Kf1 Nd5 34.
Be5 f6 35. Bb2 a5 36. a4 Kf7 37. Nd7 Bd6 38. Bd4 Bc7 0-1

[Event "DRUZYNOWE MISTRZOSTWA POLSKI 2014 - SYGNITY EKSTRALIGA"]
[Site "Gorzow Wlkp, Wroclaw, Katowice"]
[Date "2014-00-00"]
[Round "4.17"]
[White "Klim, Kamil"]
[Black "Raszka, Janusz"]
[Result "1-0"]
[WhiteTitle "m"]
[BlackTitle "k"]
[WhiteElo "2316"]
[BlackElo "2101"]

1. Nf3 Nf6 2. c4 c5 3. d4 cxd4 4. Nxd4 e5 5. Nb5 d5 6. cxd5 Bc5 7. e3 O-O 8. N5c3
Bf5 9. h3 Nbd7 10. a3 Nb6 11. g4 Bxb1 12. Rxb1 Nbxd5 13. Nxd5 Qxd5 14. Qxd5 Nxd5
15. Bg2 Rad8 16. Bd2 Rfe8 17. Rc1 Bb6 18. Ke2 Rd7 19. Rc2 f6 20. Be4 g6 21. h4
Ne7 22. Bb4 Rc8 23. Rxc8+ Nxc8 24. h5 Kg7 25. Rg1 Ne7 26. hxg6 hxg6 27. Rd1 Rxd1
28. Kxd1 Nc6 29. Bd6 Kf7 30. Bd5+ Ke8 31. Ke2 Kd7 32. Bf8 Bc7 33. Bf7 g5 34. Bg6
Bd6 35. Bf5+ Kc7 36. Bg7 Be7 37. Kd3 Kd6 38. Bc8 b6 39. Ke4 Bd8 40. Ba6 Nb8 41.
Bc4 a6 42. Kf5 b5 43. Bf7 Nd7 44. b4 e4 45. Be6 Ne5 46. Bc8 Nc4 47. Bxa6 Kc6 48.
Ke6 Nxa3 49. Bc8 Nc2 50. Bd7+ Kb6 51. Bf8 Ne1 52. Bc5+ Kb7 53. Bxb5 Nd3 54. Bd4
Nxf2 55. Be2 Nd3 56. b5 Bb6 57. Bxb6 Kxb6 58. Kf5 Kc5 59. Kxe4 Ne5 60. Kf5 Nd7
61. Ke4 Kd5+ 1-0

[Event "DRUZYNOWE MISTRZOSTWA POLSKI 2014 - SYGNITY EKSTRALIGA"]
[Site "Gorzow Wlkp, Wroclaw, Katowice"]
[Date "2014-00-00"]
[Round "4.18"]
[White "Mareckova, Martina"]
[Black "Wisniowska, Klaudia"]
[Result "0-1"]
[WhiteTitle "WFM"]
[BlackTitle "WFM"]
[WhiteElo "2097"]
[BlackElo "2198"]

1. e4 c5 2. Nc3 a6 3. g3 b5 4. Bg2 Bb7 5. d3 e6 6. Nh3 Be7 7. f4 d5 8. O-O d4 9.
Nb1 Nc6 10. e5 Qd7 11. Nd2 h5 12. Ne4 Nb4 13. Qe2 O-O-O 14. Nhg5 Nh6 15. a3 Nd5
16. Bh3 Kb8 17. Bd2 g6 18. c4 Ne3 19. Bxe3 dxe3 20. Qxe3 Qxd3 21. Qxd3 Rxd3 22.
cxb5 axb5 23. Rfd1 Rhd8 24. Rxd3 Rxd3 25. Rc1 c4 26. Re1 Kc7 27. Bf1 Rb3 28. Re2
Rd3 29. Rc2 Rd4 30. Re2 Rd1 31. Rc2 Kb6 32. h4 Nf5 33. Kf2 Rxf1+ 0-1

[Event "DRUZYNOWE MISTRZOSTWA POLSKI 2014 - SYGNITY EKSTRALIGA"]
[Site "Gorzow Wlkp, Wroclaw, Katowice"]
[Date "2014-00-00"]
[Round "4.19"]
[White "Dziuba, Marcin"]
[Black "Maksimenko, Andrei"]
[Result "1-0"]
[WhiteTitle "GM"]
[BlackTitle "GM"]
[WhiteElo "2567"]
[BlackElo "2493"]

1. d4 Nf6 2. c4 e6 3. Nf3 c5 4. d5 exd5 5. cxd5 d6 6. Nc3 g6 7. Bf4 Bg7 8. Qa4+
Bd7 9. Qb3 Qc7 10. e4 O-O 11. Nd2 Nh5 12. Be3 f5 13. exf5 Bxf5 14. Be2 Nf6 15.
h3 Na6 16. g4 Bd7 17. O-O Rab8 18. a4 Nb4 19. f3 a6 20. Nde4 Nxe4 21. Nxe4 b5
22. a5 Rbe8 23. Kg2 h5 24. Rfc1 hxg4 25. hxg4 Bxg4 26. Qxb4 cxb4 27. Rxc7 Rxe4
28. fxe4 Bxe2 29. Re1 Bf3+ 30. Kh3 Bxb2 31. Rc6 Be5 32. Rxa6 Bxe4 33. Rb6 Bc3
34. Rg1 Rf3+ 35. Rg3 Rxg3+ 36. Kxg3 b3 37. a6 b2 38. Rxb5 Bxd5 39. a7 Bh1 40.
Kf2 Kf7 41. Ke2 Be4 42. Bf2 Ke6 43. Ke3 Bc6 44. Rb8 g5 45. Kd3 Be5 46. Bd4 g4
47. Bxb2 Bxb2 48. Rxb2 g3 49. Ke3 Ke5 50. Rb8 d5 51. Ke4+ 1-0

[Event "DRUZYNOWE MISTRZOSTWA POLSKI 2014 - SYGNITY EKSTRALIGA"]
[Site "Gorzow Wlkp, Wroclaw, Katowice"]
[Date "2014-00-00"]
[Round "4.20"]
[White "Heberla, Bartlomiej"]
[Black "Czarnota, Pawel"]
[Result "1/2-1/2"]
[WhiteTitle "GM"]
[BlackTitle "GM"]
[WhiteElo "2567"]
[BlackElo "2529"]

1. e4 c6 2. d4 d5 3. exd5 cxd5 4. c4 Nf6 5. Nc3 e6 6. Nf3 Bb4 7. Bd3 dxc4 8. Bxc4
O-O 9. O-O b6 10. Qb3 Bxc3 11. bxc3 Bb7 12. Ba3 Re8 13. Bb5 Bc6 14. Be2 Nbd7 15.
Rfd1 Qc7 16. c4 Rac8 17. Rac1 Qf4 18. Qe3 Qxe3 19. fxe3 e5 20. Bf1 Bb7 21. c5
exd4 22. exd4 Nd5 23. cxb6 axb6 24. Bb5 Rxc1 25. Rxc1 Rd8 26. Bb2 Nf8 27. a4 f6
28. Kf2 Ne6 29. g3 Ne7 30. Bd3 Kf7 31. Rb1 Bxf3 32. Kxf3 Nxd4+ 33. Kf2 Ndf5 34.
Bc4+ Kg6 35. g4 Nd6 36. Bd3+ Kf7 37. Bd4 Ndc8 38. Bc4+ Kg6 39. Bxb6 Nxb6 40. Rxb6
Rd4 41. Bb3 Rxg4 42. a5 Rg5 43. a6 Ra5 44. Bc4 Ra4 45. Bb3 Ra5 46. Bc4 Ra4 47.
Bd3+ Kh6 48. Rd6 Ra3 49. Be4 Kg5 50. Rd7 Rxa6 51. Rxe7 Kh6 52. Kg3 Ra5 53. Rb7
Rg5+ 54. Kf4 Rh5 55. Rb2 Rh4+ 56. Ke3 Rh3+ 57. Bf3 Rh4 58. Ra2 Rc4 59. Ra5 Rh4
60. Ra2 Rc4 61. Kf2 Rb4 62. Ra5 Rb2+ 63. Kg3 Rb4 64. Rh5+ Kg6 65. Rh3 Ra4 66.
Kf2 Ra2+ 67. Kg3 Ra4 68. Bh5+ Kg5 69. Be2 Ra3+ 70. Bf3 Kg6 71. Rh4 Ra7 72. Be4+
f5 73. Bf3 Rc7 74. Ra4 Kg5 75. Ra6 g6 76. Rb6 Rd7 77. Rc6 Ra7 78. Rd6 Rc7 79.
h4+ Kh6 80. Bc6 Ra7 81. Rd8 Rc7 82. Bd5 Rc3+ 83. Bf3 Rc7 84. Rd4 Ra7 85. Kf4 Re7
86. Rb4 Rd7 87. Ke5 Rd3 88. Bd5 Kh5 89. Bg8 Re3+ 90. Kf6 Re4 91. Rb1 Kxh4 92.
Bxh7 f4 93. Bxg6 Re2 94. Kf5 Kg3 95. Rb3+ Re3 96. Rb4 f3 97. Rg4+ Kh2 98. Rf4
Kg1 99. Rg4+ Kh2 100. Rf4 Kg1 101. Rg4+ 1/2-1/2

[Event "DRUZYNOWE MISTRZOSTWA POLSKI 2014 - SYGNITY EKSTRALIGA"]
[Site "Gorzow Wlkp, Wroclaw, Katowice"]
[Date "2014-00-00"]
[Round "4.21"]
[White "Hera, Imre Jr."]
[Black "Antoniewski, Rafal"]
[Result "1-0"]
[WhiteTitle "GM"]
[BlackTitle "GM"]
[WhiteElo "2576"]
[BlackElo "2552"]

1. d4 d6 2. e4 Nf6 3. Nc3 e5 4. Nf3 exd4 5. Nxd4 Be7 6. g3 O-O 7. Bg2 Re8 8. O-O
Bg4 9. Nde2 Qc8 10. f3 Bh3 11. Bxh3 Qxh3 12. g4 Qh4 13. Nf4 h5 14. Ng2 Qh3 15.
g5 Nh7 16. g6 Nf6 17. Nd5 Na6 18. Ngf4 Qd7 19. gxf7+ Kxf7 20. Nxf6 Bxf6 21. Qd5+
Ke7 22. Ng6+ Kd8 23. Qxb7 Qc8 24. Qd5 Nb4 25. Qc4 Rb8 26. a3 Qa6 27. Qxa6 Nxa6
28. Rb1 Nc5 29. b4 Na4 30. Be3 a5 31. bxa5 Bb2 32. Kg2 Kd7 33. a6 Bxa3 34. Rxb8
Rxb8 35. Ra1 Bc5 36. Bxc5 Nxc5 37. a7 Ra8 38. Kg3 Ne6 39. c3 Kc6 40. h4 1-0

[Event "DRUZYNOWE MISTRZOSTWA POLSKI 2014 - SYGNITY EKSTRALIGA"]
[Site "Gorzow Wlkp, Wroclaw, Katowice"]
[Date "2014-00-00"]
[Round "4.22"]
[White "Bobras, Piotr"]
[Black "Gajek, Radoslaw"]
[Result "1/2-1/2"]
[WhiteTitle "GM"]
[BlackTitle "FM"]
[WhiteElo "2535"]
[BlackElo "2346"]

1. e4 c5 2. Nf3 Nc6 3. d4 cxd4 4. Nxd4 Nf6 5. Nc3 e5 6. Ndb5 d6 7. Bg5 a6 8. Na3
b5 9. Bxf6 gxf6 10. Nd5 f5 11. Bd3 Be6 12. O-O Bg7 13. Qh5 f4 14. c4 b4 15. Nc2
a5 16. Rad1 O-O 17. g3 h6 18. Kh1 Qg5 19. Be2 Qxh5 20. Bxh5 fxg3 21. hxg3 f5 22.
exf5 Bxf5 23. Rd2 Ra7 24. Nde3 Nd4 25. Nxf5 Rxf5 26. Bg6 Rf6 27. Be4 h5 28. Bd5+
Kh7 29. Nxd4 exd4 30. Re1 Bh6 31. Rxd4 Rxf2 32. Re6 Bg7 33. Rh4 Rf6 34. Rxh5+
Kg6 35. Rh2 Rxe6 36. Bxe6 Re7 37. Re2 Bxb2 38. Bf5+ Kf6 39. Rxe7 Kxe7 40. Kg2
Kf6 41. Bc2 Ke5 42. Kf3 Kd4 43. Bb3 Bc1 44. Kg4 a4 45. Bxa4 Kxc4 1/2-1/2

[Event "DRUZYNOWE MISTRZOSTWA POLSKI 2014 - SYGNITY EKSTRALIGA"]
[Site "Gorzow Wlkp, Wroclaw, Katowice"]
[Date "2014-00-00"]
[Round "4.23"]
[White "Pacuszka, Tomasz"]
[Black "Jaracz, Pawel"]
[Result "0-1"]
[WhiteTitle "FM"]
[BlackTitle "GM"]
[WhiteElo "2264"]
[BlackElo "2505"]

1. e4 c5 2. d3 Nc6 3. c3 g6 4. Be3 d6 5. Be2 Bg7 6. f4 Nf6 7. Nd2 O-O 8. g4 b5
9. g5 Ne8 10. Ngf3 b4 11. d4 bxc3 12. bxc3 cxd4 13. cxd4 e5 14. Nb3 exf4 15. Bxf4
Qe7 16. Qd2 Qxe4 17. O-O Bh3 18. Rf2 a5 19. Rd1 Qd5 20. Qc3 Nb4 21. Ne1 Qe6 22.
Bf3 Rc8 23. Qd2 Nd5 24. Bxd5 Qxd5 25. Qxa5 Qe4 26. Qd2 Bg4 27. Qd3 Qd5 28. Rdd2
f6 29. Qg3 Qe6 30. Qe3 Qd7 31. h4 fxg5 32. hxg5 Nc7 33. Qg3 Nb5 34. Ng2 Nc3 35.
Ne3 Bh5 36. Qg2 Rce8 37. Rf1 Rxf4 38. Rxf4 Rxe3 39. Nc1 d5 40. Rb2 Re1+ 41. Kf2
Qe8 0-1

[Event "DRUZYNOWE MISTRZOSTWA POLSKI 2014 - SYGNITY EKSTRALIGA"]
[Site "Gorzow Wlkp, Wroclaw, Katowice"]
[Date "2014-00-00"]
[Round "4.24"]
[White "Jaracz, Barbara"]
[Black "Czarnota, Dorota"]
[Result "0-1"]
[WhiteTitle "WGM"]
[BlackTitle "WIM"]
[WhiteElo "2253"]
[BlackElo "2208"]

1. e4 c5 2. Nf3 d6 3. d4 cxd4 4. Nxd4 Nf6 5. Nc3 Nc6 6. Bg5 e6 7. Qd2 a6 8. f3
Be7 9. O-O-O Bd7 10. h4 h6 11. Be3 h5 12. Kb1 b5 13. Nxc6 Bxc6 14. Ne2 Rc8 15.
Nd4 Bb7 16. Bd3 Qc7 17. Bg5 O-O 18. Qe2 Qc5 19. Nb3 Qc7 20. Bd2 e5 21. Rhe1 Rfe8
22. g4 hxg4 23. fxg4 d5 24. Ba5 Qb8 25. exd5 e4 26. Bxb5 axb5 27. Qxb5 Bd6 28.
g5 Nh5 29. Qe2 Nf4 30. Qg4 Bxd5 31. g6 fxg6 32. Bc3 Be5 33. Rf1 Rxc3 34. bxc3
e3 35. Rxf4 Bxf4 36. Qxg6 e2 0-1

[Event "DRUZYNOWE MISTRZOSTWA POLSKI 2014 - SYGNITY EKSTRALIGA"]
[Site "Gorzow Wlkp, Wroclaw, Katowice"]
[Date "2014-00-00"]
[Round "4.25"]
[White "Klekowski, Maciej"]
[Black "Navara, David"]
[Result "1-0"]
[WhiteTitle "m"]
[BlackTitle "GM"]
[WhiteElo "2425"]
[BlackElo "2718"]

1. c4 e5 2. g3 Nc6 3. Bg2 f5 4. Nc3 Nf6 5. e3 b6 6. d4 e4 7. f3 Bb4 8. Nge2 Ba6
9. b3 d5 10. O-O Ne7 11. fxe4 fxe4 12. a3 Bxc3 13. Nxc3 O-O 14. a4 c6 15. Ba3
Rf7 16. Rf2 Qd7 17. a5 b5 18. Qf1 Qb7 19. Bh3 bxc4 20. Be6 cxb3 21. Rxf6 gxf6
22. Qxf6 Ng6 23. Rb1 Re8 24. Bxf7+ Qxf7 25. Qxf7+ Kxf7 26. Rxb3 Re6 27. Bc5 Rf6
28. Rb1 Bd3 29. Rb7+ Kg8 30. Rxa7 Rf1+ 31. Kg2 Rf3 32. Nd1 Bf1+ 33. Kg1 Bc4 34.
a6 Rf1+ 35. Kg2 Bxa6 36. Rxa6 Rxd1 37. h4 Rd3 38. h5 Nh8 39. Ra8+ Kg7 40. h6+
Kxh6 41. Rxh8 Rxe3 42. Rg8 Kh5 43. g4+ 1-0

[Event "DRUZYNOWE MISTRZOSTWA POLSKI 2014 - SYGNITY EKSTRALIGA"]
[Site "Gorzow Wlkp, Wroclaw, Katowice"]
[Date "2014-00-00"]
[Round "4.26"]
[White "Gajewski, Grzegorz"]
[Black "Matuszewski, Michal"]
[Result "0-1"]
[WhiteTitle "GM"]
[BlackTitle "IM"]
[WhiteElo "2643"]
[BlackElo "2450"]

1. c4 c6 2. Nf3 d5 3. e3 Nf6 4. Nc3 g6 5. d4 Bg7 6. Be2 O-O 7. O-O Bg4 8. h3 Bxf3
9. Bxf3 dxc4 10. b3 cxb3 11. Qxb3 Qb6 12. Rb1 e6 13. Ba3 Rc8 14. Rfc1 Nbd7 15.
Qc2 Qc7 16. Qb2 Nb6 17. Nb5 Qd7 18. Nd6 Rcb8 19. e4 Ne8 20. e5 Bf8 21. Nxe8 Qxe8
22. Bxf8 Qxf8 23. h4 h5 24. Qd2 Kg7 25. Rb3 Qe7 26. Qf4 Rd8 27. Re1 Rd7 28. Re4
Nd5 29. Qd2 Rh8 30. Be2 Qd8 31. Qb2 b6 32. Qc1 Ne7 33. Rd3 Nf5 34. Qc3 Qc7 35.
Qd2 Qd8 36. g3 Qe7 37. Bd1 Rhd8 38. g4 hxg4 39. Bxg4 c5 40. Bxf5 exf5 41. Rf4
f6 42. Rxf5 gxf5 43. Rg3+ Kf7 44. Qh6 Ke6 45. exf6 Qh7 46. Re3+ Kd5 47. Qf4 cxd4
48. Re5+ Kc6 49. Rxf5 Rd5 50. Rxd5 Kxd5 51. f7 Rf8 52. Qf3+ Qe4 53. Qb3+ Ke5 54.
Qg3+ Ke6 55. Qg8 Ke5 0-1

[Event "DRUZYNOWE MISTRZOSTWA POLSKI 2014 - SYGNITY EKSTRALIGA"]
[Site "Gorzow Wlkp, Wroclaw, Katowice"]
[Date "2014-00-00"]
[Round "4.27"]
[White "Mikrut, Dariusz"]
[Black "Socko, Bartosz"]
[Result "0-1"]
[WhiteTitle "IM"]
[BlackTitle "GM"]
[WhiteElo "2363"]
[BlackElo "2611"]

1. e4 c6 2. d4 d5 3. Nd2 dxe4 4. Nxe4 Bf5 5. Ng3 Bg6 6. Nf3 Nd7 7. Be2 e6 8. O-O
Bd6 9. b3 Ngf6 10. Bb2 Qc7 11. Bd3 O-O 12. Bxg6 hxg6 13. c4 Rfd8 14. Qc2 a5 15.
a4 b5 16. Rfd1 Rab8 17. axb5 cxb5 18. Ba3 Bxg3 19. hxg3 Rdc8 20. Be7 Nd5 21. Bc5
bxc4 22. bxc4 Nxc5 23. cxd5 Nb3 24. Qxc7 Rxc7 25. Ra3 exd5 26. Rb1 Rcb7 27. Ne5
Rb5 28. Nc6 R8b7 29. Nd8 Nxd4 30. Rd1 Rb8 31. Nxf7 Rb1 32. Rad3 Ne2+ 33. Kf1 Nc3
34. Re1 Rxe1+ 35. Kxe1 Rb1+ 0-1

[Event "DRUZYNOWE MISTRZOSTWA POLSKI 2014 - SYGNITY EKSTRALIGA"]
[Site "Gorzow Wlkp, Wroclaw, Katowice"]
[Date "2014-00-00"]
[Round "4.28"]
[White "Miton, Kamil"]
[Black "Brzeski, Maciej"]
[Result "1/2-1/2"]
[WhiteTitle "GM"]
[BlackTitle "m"]
[WhiteElo "2593"]
[BlackElo "2333"]

1. d4 Nf6 2. c4 c5 3. d5 b5 4. cxb5 a6 5. bxa6 g6 6. Nc3 Bxa6 7. e4 Bxf1 8. Kxf1
d6 9. Nf3 Bg7 10. g3 O-O 11. Kg2 Nbd7 12. Qe2 Qa5 13. Rd1 Rfb8 14. e5 dxe5 15.
Nxe5 Nxe5 16. Qxe5 Rb7 17. d6 exd6 18. Qxd6 Rc8 19. Qf4 Qa8 20. Qf3 Nd7 21. a4
Bd4 22. a5 Ne5 23. Qe4 Nc4 24. a6 Rb6 25. Qxa8 Rxa8 26. a7 Rb7 27. Nd5 Raxa7 28.
Rxa7 Rxa7 29. b3 Ne5 30. Be3 Bxe3 31. Nxe3 Rb7 32. Rd5 Nc6 33. Rxc5 Nd4 34. b4
Rxb4 35. Rc4 Rxc4 36. Nxc4 h5 37. Nd2 Kf8 38. Nf3 Nf5 39. Kf1 Ke7 40. Ke2 Ke6
1/2-1/2

[Event "DRUZYNOWE MISTRZOSTWA POLSKI 2014 - SYGNITY EKSTRALIGA"]
[Site "Gorzow Wlkp, Wroclaw, Katowice"]
[Date "2014-00-00"]
[Round "4.29"]
[White "Barski, Radoslaw"]
[Black "Bulski, Krzysztof"]
[Result "0-1"]
[WhiteTitle "k++"]
[BlackTitle "GM"]
[WhiteElo "2263"]
[BlackElo "2520"]

1. e4 c5 2. Nf3 e6 3. d4 cxd4 4. Nxd4 Nc6 5. Nc3 Qc7 6. Be3 a6 7. Bd3 Nf6 8. O-O
Nxd4 9. Bxd4 Bc5 10. Bxc5 Qxc5 11. Kh1 d6 12. f4 e5 13. Nd5 Nxd5 14. exd5 O-O
15. fxe5 dxe5 16. Qh5 f5 17. Bxf5 Bxf5 18. Rxf5 Qxd5 19. Rxe5 Qxa2 20. Ree1 Qxb2
21. Rab1 Qxc2 22. Rxb7 Qe4 23. Rbb1 Qf5 24. Qe2 h6 25. Ra1 Kh7 26. h3 Qg6 27.
Qa2 Rf6 28. Qb1 a5 29. Ra4 Qxb1 30. Rxb1 Rf5 31. Rb6 Ra7 32. Kh2 Kg8 33. g4 Rc5
34. Kg3 Rc3+ 35. Kg2 Rd7 36. Rb8+ Kh7 37. Rb2 Rd5 38. Rba2 Rcc5 39. R4a3 Kg6 40.
Rb2 Rb5 41. Rc2 Rd6 42. Rca2 Ra6 43. Kg3 Ra7 44. h4 Kf6 45. Rc2 Ke6 46. h5 Kd6
47. Kh4 Rc5 48. Rb2 Kc6 49. Rb8 Rc4 50. Rf8 a4 51. Rf5 Rc5 52. Rf1 Rc4 53. Rf5
Rd7 54. Re3 Rc5 55. Rf4 Ra7 56. Ra3 Kb5 57. Rf8 Kb4 58. Ra1 Rc3 59. Rb8+ Kc4 60.
Rc8+ Kb3 61. Rb8+ Kc4 62. Rc8+ Kd3 63. Rd8+ Kc2 64. Ra2+ Kb3 65. Re2 a3 66. Rb8+
Kc4 67. Ra2 Rb3 68. Rc8+ Kb4 69. Rcc2 Rc3 70. Rf2 Kb3 71. Rg2 Rac7 72. Ra1 Rc2
73. Rg3+ R7c3 74. Rxc3+ Rxc3 75. Rb1+ Kc2 76. Rb4 a2 77. Rf4 a1=Q 78. Ra4 Qh1#
0-1

[Event "DRUZYNOWE MISTRZOSTWA POLSKI 2014 - SYGNITY EKSTRALIGA"]
[Site "Gorzow Wlkp, Wroclaw, Katowice"]
[Date "2014-00-00"]
[Round "4.30"]
[White "Socko, Monika"]
[Black "Kulon, Klaudia"]
[Result "1/2-1/2"]
[WhiteTitle "GM"]
[BlackTitle "WIM"]
[WhiteElo "2460"]
[BlackElo "2378"]

1. d4 d5 2. c4 e6 3. Nf3 c6 4. e3 Bd6 5. Bd3 Nf6 6. Nbd2 O-O 7. O-O Nbd7 8. e4
dxe4 9. Nxe4 Nxe4 10. Bxe4 c5 11. Bc2 h6 12. Qd3 Nf6 13. b3 cxd4 14. Qxd4 Qe7
15. Rd1 Bc5 16. Qf4 b6 17. Bb2 Bb7 18. Rd2 Bb4 19. Re2 Rfd8 20. h3 Ba3 21. Bc3
Bb4 22. Bb2 Ba3 23. Bc3 Bb4 24. Bb2 Ba3 1/2-1/2

[Event "DRUZYNOWE MISTRZOSTWA POLSKI 2014 - SYGNITY EKSTRALIGA"]
[Site "Gorzow Wlkp, Wroclaw, Katowice"]
[Date "2014-00-00"]
[Round "5.1"]
[White "Navara, David"]
[Black "Kempinski, Robert"]
[Result "1/2-1/2"]
[WhiteTitle "GM"]
[BlackTitle "GM"]
[WhiteElo "2718"]
[BlackElo "2620"]

1. e4 c5 2. Nf3 d6 3. d4 cxd4 4. Nxd4 Nc6 5. Bc4 e6 6. Nc3 Be7 7. Be3 Nf6 8. Qe2
a6 9. O-O-O Qc7 10. Bb3 b5 11. g4 Nxd4 12. Bxd4 e5 13. Nd5 Nxd5 14. Bxd5 Bb7 15.
Bc3 O-O 16. h4 Rfc8 17. a3 Bc6 18. Bxc6 Qxc6 19. Rd5 Qb6 20. g5 Rc4 21. Ba5 Qb7
22. Rhd1 Rf8 23. Bb4 f6 24. b3 Rc6 25. Bxd6 Rfc8 26. R1d2 fxg5 27. Bxe5 gxh4 28.
Kb1 Bf6 29. Rd7 Rxc2 30. Rxb7 Rc1+ 31. Ka2 Bxe5 32. Rb2 h3 33. Qh5 Bxb2 34. Re7
h6 35. e5 Bxe5 36. Re8+ Rxe8 37. Qxe8+ Kh7 38. Qxe5 Rc2+ 39. Kb1 Rxf2 40. Qe4+
Kh8 41. Qe8+ Kh7 42. Qe4+ 1/2-1/2

[Event "DRUZYNOWE MISTRZOSTWA POLSKI 2014 - SYGNITY EKSTRALIGA"]
[Site "Gorzow Wlkp, Wroclaw, Katowice"]
[Date "2014-00-00"]
[Round "5.2"]
[White "Markowski, Tomasz"]
[Black "Gajewski, Grzegorz"]
[Result "1/2-1/2"]
[WhiteTitle "GM"]
[BlackTitle "GM"]
[WhiteElo "2575"]
[BlackElo "2643"]

1. d4 Nf6 2. Nf3 e6 3. e3 d5 4. c4 Bd6 5. b3 O-O 6. Bb2 b6 7. Nbd2 Bb7 8. Bd3 Ne4
9. O-O Qe7 10. Qe2 a6 11. Rfd1 Nd7 12. Rac1 f6 13. b4 Nxd2 14. Nxd2 dxc4 15. Nxc4
Bxb4 16. a3 b5 17. axb4 bxc4 18. Rxc4 Nb6 19. Rc5 f5 20. Rdc1 Nd5 21. Bc4 Rf7
22. Bxd5 Bxd5 23. f3 h6 24. Bc3 Qd6 25. Be1 Qb6 26. Qc2 Rc8 27. Rb1 Qb7 28. b5
Ra8 29. bxa6 Qxa6 30. Ba5 Ra7 31. Rc1 Qb7 32. Qd3 Qa8 33. Qc3 Kh7 34. Qe1 Qb8
35. e4 fxe4 36. fxe4 Ba8 37. d5 Qb3 38. Qd2 exd5 39. exd5 Ra6 40. Qc2+ Qxc2 41.
R1xc2 1/2-1/2